The Batman 2022 Bruce Wayne Opening Monologue - Statistics

General Stats
  • This quiz has been taken 353 times
  • The average score is 55 of 106
Answer Stats
Answer % Correct
I
94%
a
92%
The
91%
the
91%
am.
74%
am
74%
in
69%
they
66%
They
66%
But
65%
city
62%
city.
62%
shadows.
62%
is
61%
for
58%
For
58%
I'm
58%
to
58%
To
58%
are
57%
It's
57%
it's
57%
October
56%
Hidden
55%
think
55%
not
54%
be
52%
when
52%
just
50%
light
50%
that
50%
there
50%
31st.
48%
me
48%
We
48%
have
47%
streets
47%
where
47%
know
45%
Thursday,
45%
hiding
44%
too.
43%
warning.
42%
holiday.
41%
don't
40%
sky,
40%
them.
40%
crowded
39%
signal
39%
of
38%
Fear...
37%
call.
36%
can't
33%
everywhere.
33%
my
33%
now.
33%
hits
30%
waiting
30%
with
30%
rain.
29%
big
28%
element,
28%
into
26%
needed.
26%
tool.
26%
like
25%
strike
25%
years
25%
Even
24%
Two
24%
nights
23%
nocturnal
23%
turned
23%
animal.
22%
chaos
21%
Watching.
21%
snakes.
16%
choose
13%
must
13%
carefully.
12%
targets
11%
No matching quizzes found
Score Distribution
Percent of People with Each Score
Percentile by Number Answered
Your Score History
You have not taken this quiz